000 00853nam a2200241Ia 4500
003 OSt
005 20220923220323.0
006 a|||||r|||| 00| 0
007 ta
008 220922b |||||||| |||| 00| 0 hin d
024 _a185,960
037 _cTextual
040 _aARTS
_cARTS
_bhin
041 _2hin
_ahin
082 _aNA44, 152L4
100 _aभानावत, महेन्द्र, संपा.
245 0 _aलोक कला मूल्य और सन्दर्भ
246 _aLok kalā mūlya aur sandarbha
260 _aउदयपुर
_b भारतीय लोक कला मण्डल
_c1974
650 _aल्थ्ल्त् क्ल्ज्ञ
_9156276
942 _hNA44, 152L4
_cTEXL
_2CC
999 _c339205
_d339205